[Event "Tatry Open 2018"]
[Site "Tatranska Lomnica"]
[Date "2018.10.05"]
[Round "7"]
[White "Michalicka, Milan"]
[Black "Domanski, Lukasz"]
[Result "0-1"]
[WhiteElo "2225"]
[BlackElo "2076"]
[Annotator "TA"]
[PlyCount "96"]
[EventDate "2018.09.30"]
[EventType "swiss"]
[EventCountry "SVK"]
[SourceTitle "playchess.com"]
[Source "ChessBase"]
[SourceQuality "1"]

{[%evp 17,96,16,27,8,2,-51,-37,-51,-33,-43,-40,-111,-89,-87,-80,-91,-35,-97,-87,-113,-108,-125,-122,-103,-107,-112,-123,-154,-126,-208,-209,-208,-201,-200,-169,-168,-110,-104,-115,-109,-107,-110,-101,-123,-97,-102,-60,-70,-49,-41,-40,-40,-19,-40,-42,-641,-191,-576,-622,-29990,-574,-603,-609,-945,-938,-29996,-416,-383,-295,-293,-288,-1204,-1133,-800,-314,-306,-292,-702,-552,-29993,-29994]} 1. d4 d6 2. Nf3 g6 3. c4 Bg7 4. Nc3 Bg4 5. e3 c5 6. Be2 cxd4 7. exd4 {A41: 1 d4 d6: Tartakower System and Modern Defence} Nh6 {[%cal Bg8h6,Bh6f5,Bf5d4][%mdl 32]} (7... Nc6 8. d5 Bxf3 9. Bxf3 Ne5 10. Be2 Rc8 11. Qb3 Qc7 12. O-O a6 13. Be3 h5 14. Bb6 Qb8 15. h3 Nh6 {1-0 (37) Korobov,A (2692)-Onischuk,V (2601) Doha 2016}) 8. d5 Nf5 9. O-O O-O {LiveBook: 3 Games} 10. Re1 Nd7 11. Ng5 $146 (11. Bd2 $11) ({Predecessor:} 11. Bd2 a6 12. a4 a5 13. Rb1 Nc5 14. b3 Qb6 {1-0 (55) De Boer,G (2430)-Vanheste,J (2410) Netherlands 1993}) 11... Bxe2 12. Qxe2 Nd4 13. Qd1 Rc8 {[%cal Ba8c8,Bc8c4,Bc4d4][%mdl 32]} 14. Nf3 (14. Re4 $15 Nf5 15. Qc2) 14... Rxc4 15. Nxd4 Rxd4 16. Qe2 Nb6 (16... Re8 $17 17. Be3 Rh4) 17. Bg5 (17. Be3 $15 Rb4 18. a3) 17... Re8 $36 {[%mdl 2048] Black has strong initiative.} 18. Qb5 Rc4 19. Rac1 Rc5 20. Qb3 Bxc3 21. Rxc3 Rxd5 22. Be3 Qd7 23. Rec1 (23. Bxb6 $17 {keeps fighting.} Rb5 24. Rc7 Rxb3 25. Rxd7 Rxb6 26. b3) 23... Rb5 $19 24. Qa3 Nd5 25. R3c2 Nxe3 26. Qxe3 {[#]} Rc5 $1 27. Rxc5 $17 dxc5 28. Qxc5 {[%mdl 4096] Endgame KQR-KQR} Rd8 29. g3 Qd2 30. Rc2 Qe1+ 31. Kg2 Qe4+ 32. f3 Qe1 33. Qxa7 Rd1 {[%csl Gd1][%cal Re1f1]} 34. Qf2 Qh1+ 35. Kh3 Rd5 36. Qe2 $2 {[%mdl 8192]} (36. Rc4 $15) 36... Rh5+ $19 37. Kg4 {Black must now prevent Rc8+.} e5 {[%csl Gg6,Gh5][%cal Rf7f5]} 38. Rc8+ Kg7 {[%csl Gg6,Gh5][%cal Rf7f5]} 39. Rc7 Qb1 {[%csl Gg6,Gh5][%cal Rb1f5]} 40. Qe4 Qxb2 {( -> ...Rh4+!)} 41. h4 {[#]} Qb6 (41... Rxh4+ $142 $1 {[%mdl 512]} 42. Kg5 (42. gxh4 Qg2#) 42... h6+ 43. Kxh4 Qh2+ 44. Kg4 Qh5#) 42. Qc4 Qf6 {[%csl Gg6,Gh5][%cal Rf6f5]} 43. f4 exf4 44. Rxb7 $2 (44. Qc3) 44... fxg3 ({Not} 44... Rxh4+ 45. gxh4 Qf5+ 46. Kf3 $17) 45. Kxg3 Qe5+ $2 (45... g5 {[%cal Rg5h4]} 46. Rb4 gxh4+ 47. Qxh4 Rxh4 48. Rxh4 Qc3+ 49. Kh2 Qb2+ 50. Kg3 Qa3+ 51. Kg4 Qxa2) 46. Kg2 Rf5 47. Rb3 $2 (47. Rb4) 47... Rf4 48. Rf3 Rxc4 {Precision: White = 39%, Black = 55%.} 0-1

[Event "Tatry Open 2018"]
[Site "Tatranska Lomnica"]
[Date "2018.10.05"]
[Round "7"]
[White "Matras, Ondrej"]
[Black "Zatko, Gregor"]
[Result "1/2-1/2"]
[WhiteElo "2224"]
[BlackElo "2194"]
[Annotator "TA"]
[PlyCount "120"]
[EventDate "2018.09.30"]
[EventType "swiss"]
[EventCountry "SVK"]
[SourceTitle "playchess.com"]
[Source "ChessBase"]
[SourceQuality "1"]

{[%evp 13,120,27,17,25,29,30,28,31,70,75,97,-39,0,-39,31,23,5,-17,104,118,118,117,116,117,108,59,68,70,67,35,122,138,127,22,50,29,83,0,6,0,-16,-29,0,0,33,19,30,32,35,12,26,0,26,21,24,0,40,41,41,36,38,5,34,2,43,23,27,12,114,112,127,95,156,14,14,14,16,0,0,0,55,0,0,0,0,0,0,0,0,0,0,0,0,0,0,0,0,0,0,-22,-22,-22,0,0,0,-21,0,0,0]} 1. d4 Nf6 2. c4 Nc6 3. Nf3 e6 4. a3 g6 5. g3 Bg7 6. Bg2 {E10: Blumenfeld-Gambit} O-O 7. O-O d6 {LiveBook: 8 Partien} 8. b4 $146 ({Vorgänger:} 8. Nc3 d5 9. b3 Ne4 10. Bb2 Nxc3 11. Bxc3 Ne7 12. Qc2 Bd7 13. Ne5 Bc6 14. Rad1 a5 15. Bb2 dxc4 16. Nxc6 Nxc6 17. bxc4 {1-0 (55) Perez Ponsa,F (2540)-Molina,P (2115) Buenos Aires 2015}) 8... e5 9. d5 Ne7 10. Nc3 Nf5 11. e4 Nd4 12. Nh4 (12. Nxd4 $16 {Droht Sb3 und aus.} exd4 13. Nb5 (13. Qxd4 Nxe4 14. Qxe4 Bxc3 $11)) 12... Nh5 13. Ne2 c5 (13... Nxe2+ $15 14. Qxe2 Nf4) 14. dxc6 $14 Nxc6 15. Be3 f5 (15... Nf4 $1 $11) 16. exf5 $16 gxf5 17. b5 $36 {[%mdl 2048] Weiss hat starke Initiative.} Ne7 18. Nc3 Nf6 19. Bg5 e4 20. Rc1 Be6 21. Nd5 Nexd5 (21... Bxd5 $14 22. cxd5 h6 23. Bxf6 Bxf6) 22. cxd5 Bd7 23. Qb3 (23. Bh3 $1 $16) 23... Qb6 24. a4 Ng4 (24... a6 $11) 25. h3 ({Lieber} 25. Rc6 $16 Bxc6 26. dxc6+ Kh8 27. a5 $1 {[%mdl 512]} Qxa5 28. cxb7) 25... Ne5 26. Be3 Qd8 27. Rc2 b6 (27... Bf6 $5 {[%cal Rf6h4]} 28. Qa3 Rc8 29. Rxc8 Bxc8 $11) 28. f3 exf3 29. Nxf3 Nxf3+ 30. Rxf3 {[%cal Bf1f3,Bf3e3,Be3e2,Be2c2][%mdl 32]} Rc8 31. Bf4 Qe7 32. Kh2 Rxc2 33. Qxc2 Rc8 34. Qd1 Rc4 35. Re3 Qf6 36. Qb3 Rc5 37. h4 Bf8 38. Qd1 Rc8 39. Bg5 Qb2 40. Re2 Qg7 {[#]} (40... Qa3 $11 {bleibt in der Remisbreite.}) 41. Rc2 $1 Qf7 42. Qc1 Qe8 {[#]} ({Günstiger ist} 42... Rxc2 43. Qxc2 Be8) 43. Bf6 (43. Rc7 $1 $16) 43... Rxc2 $11 44. Qxc2 f4 45. gxf4 Qf7 46. Qc3 Bf5 ({Besser ist} 46... Bg7 $11 47. Bxg7 Qxg7) 47. Bf3 (47. Qg3+ $14 Bg7 48. Bc3) 47... Be7 {Die Stellung ist ausgeglichen.} 48. Bxe7 Qxe7 49. Kg3 Qg7+ 50. Qxg7+ Kxg7 {[%mdl 4096] Endspiel KL-KL} 51. Bd1 Be4 52. Bb3 Kf6 53. Kf2 Kf5 54. Ke3 Bb1 55. Bd1 h6 56. h5 Kf6 57. Bb3 Kf5 58. Bd1 Kf6 59. Bb3 Kf5 60. Bd1 Kf6 {Precision: Weiß = 39%, Schwarz = 47%.} 1/2-1/2

[Event "Tatry Open 2018"]
[Site "Tatranska Lomnica"]
[Date "2018.10.05"]
[Round "7"]
[White "Kostolansky, Sebastian Lukas"]
[Black "Berezjuk, Sergej"]
[Result "1/2-1/2"]
[WhiteElo "2209"]
[BlackElo "2427"]
[Annotator "RC"]
[PlyCount "185"]
[EventDate "2018.09.30"]
[EventType "swiss"]
[EventCountry "SVK"]
[SourceTitle "playchess.com"]
[Source "ChessBase"]
[SourceQuality "1"]
[TimeControl "40/5400+30:1800+30"]

1. e4 {[%emt 0:00:00]} e5 {[%emt 0:00:40]} 2. Nf3 {[%emt 0:00:00]} Nc6 {[%emt 0:00:02]} 3. Bb5 {[%emt 0:00:00]} a6 {[%emt 0:00:01]} 4. Ba4 {[%emt 0:00:06]} Nf6 {[%emt 0:00:07]} 5. d3 {[%emt 0:00:06]} d6 {[%emt 0:00:07]} 6. c3 {[%emt 0:00:04]} g6 {[%emt 0:00:08]} 7. O-O {[%emt 0:00:18]} Bg7 {[%emt 0:00:04]} 8. Re1 {[%emt 0:02:35]} O-O {[%emt 0:05:31]} 9. Bg5 {[%emt 0:02:12]} h6 {[%emt 0:00:07]} 10. Bh4 {[%emt 0:00:07]} b5 {[%emt 0:15:07]} 11. Bc2 {[%emt 0:03:03]} Bb7 {[%emt 0:00:39]} 12. Nbd2 {[%emt 0:00:53]} Qe8 {[%emt 0:08:54]} 13. a4 {[%emt 0:08:50]} Nh5 {[%emt 0:00:40]} 14. Nf1 {[%emt 0:08:14]} f5 {[%emt 0:01:57]} 15. exf5 {[%emt 0:07:14]} gxf5 {[%emt 0:01:12]} 16. d4 {[%emt 0:19:35]} e4 {[%emt 0:03:13]} 17. N3d2 {[%emt 0:09:41]} Na5 {[%emt 0:08:53]} 18. axb5 {[%emt 0:09:15]} axb5 {[%emt 0:00:48]} 19. Ne3 {[%emt 0:01:42]} d5 {[%emt 0:16:22]} 20. f3 {[%emt 0:03:07]} Qg6 {[%emt 0:05:32]} 21. fxe4 {[%emt 0:06:15]} dxe4 {[%emt 0:01:43]} 22. b4 {[%emt 0:03:57]} Nc4 {[%emt 0:01:54]} 23. Rxa8 {[%emt 0:03:54]} Bxa8 {[%emt 0:00:13]} 24. Ndxc4 {[%emt 0:00:07]} bxc4 {[%emt 0:00:08]} 25. Nxc4 {[%emt 0:00:42]} Kh8 {[%emt 0:08:06]} 26. Ne3 {[%emt 0:08:15]} f4 {[%emt 0:04:02]} 27. Qg4 {[%emt 0:00:45]} Qf7 {[%emt 0:02:26]} 28. Rf1 {[%emt 0:01:08]} Rg8 {[%emt 0:03:16]} 29. Bb3 {[%emt 0:01:37]} Qxb3 {[%emt 0:07:43]} 30. Qxh5 {[%emt 0:00:06]} Qxc3 {[%emt 0:02:54]} 31. Nf5 {[%emt 0:00:10]} Qc6 {[%emt 0:00:49]} 32. Ne7 {[%emt 0:01:02]} Qe8 {[%emt 0:00:31]} 33. Ng6+ {[%emt 0:00:57]} Kh7 {[%emt 0:00:07]} 34. Nxf4 {[%emt 0:00:20]} Bxd4+ {[%emt 0:01:17]} 35. Kh1 {[%emt 0:00:08]} Qxh5 {[%emt 0:00:14]} 36. Nxh5 {[%emt 0:00:05]} e3 {[%emt 0:00:15]} 37. Bg3 {[%emt 0:00:26]} Re8 {[%emt 0:01:35]} 38. Nf6+ {[%emt 0:00:54]} Bxf6 {[%emt 0:00:05]} 39. Rxf6 {[%emt 0:00:05]} e2 {[%emt 0:00:12]} 40. Be1 {[%emt 0:00:10]} Bd5 {[%emt 0:00:42]} 41. Kg1 {[%emt 0:30:37]} Re7 {[%emt 0:31:11]} 42. Kf2 {[%emt 0:01:07]} Bc4 {[%emt 0:00:35]} 43. Rf4 {[%emt 0:00:55]} Bb5 {[%emt 0:00:19]} 44. g3 {[%emt 0:00:00]} c6 {[%emt 0:00:00]} 45. Kf3 {[%emt 0:00:00]} Rd7 {[%emt 0:00:00]} 46. Kf2 {[%emt 0:00:00]} Kg6 {[%emt 0:00:00]} 47. h4 {[%emt 0:00:00]} h5 {[%emt 0:00:00]} 48. Kf3 {[%emt 0:00:00]} Ra7 {[%emt 0:00:00]} 49. Kf2 {[%emt 0:00:00]} Re7 {[%emt 0:00:00]} 50. Kf3 {[%emt 0:00:00]} Re6 {[%emt 0:00:00]} 51. Kf2 {[%emt 0:00:00]} Bd3 {[%emt 0:00:00]} 52. Rf8 {[%emt 0:00:00]} Bf5 {[%emt 0:00:00]} 53. Bc3 {[%emt 0:00:00]} Bg4 {[%emt 0:00:00]} 54. Be1 {[%emt 0:00:00]} Rd6 {[%emt 0:00:00]} 55. Bc3 {[%emt 0:00:00]} Rd1 {[%emt 0:00:00]} 56. Rf6+ {[%emt 0:00:00]} Kh7 {[%emt 0:00:00]} 57. Be1 {[%emt 0:00:00]} Rc1 {[%emt 0:00:00]} 58. Rf8 {[%emt 0:00:00]} Kg6 {[%emt 0:00:00]} 59. Rf4 {[%emt 0:00:00]} Kg7 {[%emt 0:00:00]} 60. Re4 {[%emt 0:00:00]} Kf6 {[%emt 0:00:00]} 61. Re3 {[%emt 0:00:18]} Rd1 {[%emt 0:00:01]} 62. Rc3 {[%emt 0:00:49]} Rd6 {[%emt 0:00:04]} 63. Rc5 {[%emt 0:01:01]} Ke7 {[%emt 0:01:19]} 64. b5 {[%emt 0:00:11]} Rf6+ {[%emt 0:01:02]} 65. Ke3 {[%emt 0:00:06]} cxb5 {[%emt 0:00:37]} 66. Rxb5 {[%emt 0:00:06]} Rf1 {[%emt 0:00:28]} 67. Kd2 {[%emt 0:00:07]} Ke6 {[%emt 0:00:09]} 68. Rg5 {[%emt 0:01:27]} Rf8 {[%emt 0:00:27]} 69. Ke3 {[%emt 0:00:13]} Rb8 {[%emt 0:00:41]} 70. Rc5 {[%emt 0:00:39]} Kd6 {[%emt 0:00:34]} 71. Ra5 {[%emt 0:00:21]} Rb1 {[%emt 0:00:16]} 72. Kf2 {[%emt 0:00:12]} Rb3 {[%emt 0:00:08]} 73. Ra6+ {[%emt 0:00:20]} Ke5 {[%emt 0:00:11]} 74. Ra5+ {[%emt 0:00:18]} Ke4 {[%emt 0:00:09]} 75. Ra4+ {[%emt 0:00:37]} Kd3 {[%emt 0:00:14]} 76. Ra8 {[%emt 0:00:16]} Kc2 {[%emt 0:00:51]} 77. Rf8 {[%emt 0:00:45]} Rd3 {[%emt 0:00:16]} 78. Rf4 {[%emt 0:00:43]} Kd1 {[%emt 0:00:20]} 79. Bb4 {[%emt 0:00:34]} Rb3 {[%emt 0:00:49]} 80. Be1 {[%emt 0:00:17]} Rd3 {[%emt 0:00:22]} 81. Bb4 {[%emt 0:00:18]} Rd5 {[%emt 0:00:05]} 82. Be1 {[%emt 0:00:13]} Bf5 {[%emt 0:00:20]} 83. Ra4 {[%emt 0:00:51]} Bd3 {[%emt 0:00:21]} 84. Ra1+ {[%emt 0:01:08]} Kc2 {[%emt 0:00:13]} 85. Ra2+ {[%emt 0:00:05]} Kb3 {[%emt 0:00:18]} 86. Ra5 {[%emt 0:00:16]} Bb5 {[%emt 0:00:13]} 87. Ke3 {[%emt 0:01:15]} Rf5 {[%emt 0:02:53]} 88. Ke4 {[%emt 0:00:26]} Rc5 {[%emt 0:00:24]} 89. Kd4 {[%emt 0:00:29]} Rf5 {[%emt 0:01:07]} 90. Ke4 {[%emt 0:00:09]} Rc5 {[%emt 0:00:28]} 91. Kd4 {[%emt 0:00:07]} Rc4+ {[%emt 0:00:10]} 92. Ke3 {[%emt 0:00:16]} Rc5 {[%emt 0:00:47]} 93. Kd4 {[%emt 0:00:06]} 1/2-1/2

[Event "Tatry Open 2018"]
[Site "Tatranska Lomnica"]
[Date "2018.10.05"]
[Round "7"]
[White "Mrvova, Alena"]
[Black "Paulovic, Martin"]
[Result "0-1"]
[WhiteElo "2200"]
[BlackElo "2052"]
[Annotator "ChessBase"]
[PlyCount "86"]
[EventDate "2018.09.30"]
[EventType "swiss"]
[EventCountry "SVK"]
[SourceTitle "playchess.com"]
[Source "ChessBase"]
[SourceQuality "1"]
[TimeControl "40/5400+30:1800+30"]

1. e4 {[%emt 0:00:00]} c5 {[%emt 0:00:09]} 2. Nf3 {[%emt 0:00:21]} d6 {[%emt 0:03:23]} 3. g3 {[%emt 0:01:42]} Nf6 {[%emt 0:01:30]} 4. Qe2 {[%emt 0:01:18]} Nc6 {[%emt 0:00:16]} 5. c3 {[%emt 0:01:27]} e5 {[%emt 0:01:45]} 6. Bg2 {[%emt 0:01:02]} Be7 {[%emt 0:00:30]} 7. O-O {[%emt 0:00:56]} O-O {[%emt 0:00:41]} 8. d3 {[%emt 0:02:58]} h6 {[%emt 0:06:44]} 9. Na3 {[%emt 0:02:00]} Re8 {[%emt 0:15:09]} 10. Nc4 {[%emt 0:01:44]} Bf8 {[%emt 0:00:35]} 11. Ne3 {[%emt 0:00:30]} Be6 {[%emt 0:08:40]} 12. Nd2 {[%emt 0:06:09]} d5 {[%emt 0:01:58]} 13. f4 {[%emt 0:03:12]} d4 {[%emt 0:10:24]} 14. Nc2 {[%emt 0:03:22]} exf4 {[%emt 0:11:24]} 15. gxf4 {[%emt 0:00:37]} Bg4 {[%emt 0:00:47]} 16. Bf3 {[%emt 0:00:13]} Bh3 {[%emt 0:08:47]} 17. Rf2 {[%emt 0:01:01]} Nd5 {[%emt 0:02:24]} 18. Nc4 {[%emt 0:04:26]} dxc3 {[%emt 0:04:14]} 19. bxc3 {[%emt 0:07:20]} Nxc3 {[%emt 0:00:34]} 20. Qd2 {[%emt 0:00:05]} Nb5 {[%emt 0:00:51]} 21. Bg2 {[%emt 0:06:55]} Bxg2 {[%emt 0:01:16]} 22. Rxg2 {[%emt 0:00:10]} Nbd4 {[%emt 0:00:07]} 23. Ne1 {[%emt 0:00:05]} Qh4 {[%emt 0:00:52]} 24. Qd1 {[%emt 0:04:58]} Rad8 {[%emt 0:01:01]} 25. Bd2 {[%emt 0:01:11]} b5 {[%emt 0:03:36]} 26. Ne3 {[%emt 0:04:15]} c4 {[%emt 0:02:57]} 27. Nd5 {[%emt 0:02:53]} Rd6 {[%emt 0:06:18]} 28. Nc7 {[%emt 0:05:56]} Rc8 {[%emt 0:00:27]} 29. Nd5 {[%emt 0:01:29]} Re8 {[%emt 0:00:06]} 30. Nc7 {[%emt 0:02:35]} Rc8 {[%emt 0:00:07]} 31. Nd5 {[%emt 0:05:14]} f5 {[%emt 0:01:11]} 32. Ne3 {[%emt 0:03:44]} fxe4 {[%emt 0:02:07]} 33. dxc4 {[%emt 0:00:50]} Nf3+ {[%emt 0:02:38]} 34. Nxf3 {[%emt 0:00:07]} exf3 {[%emt 0:00:03]} 35. Qxf3 {[%emt 0:00:20]} Nd4 {[%emt 0:00:08]} 36. Qb7 {[%emt 0:00:22]} Re8 {[%emt 0:00:48]} 37. Ng4 {[%emt 0:02:10]} Ne2+ {[%emt 0:00:46]} 38. Kh1 {[%emt 0:03:21]} Rxd2 {[%emt 0:00:08]} 39. Qxb5 {[%emt 0:00:05]} Red8 {[%emt 0:01:24]} 40. Qb3 {[%emt 0:00:15]} R8d3 {[%emt 0:01:20]} 41. Qa4 {[%emt 0:30:55]} Nc3 {[%emt 0:16:50]} 42. Nxh6+ {[%emt 0:00:00]} Qxh6 {[%emt 0:01:16]} 43. Qxa7 {[%emt 0:00:00]} Rxg2 {[%emt 0:01:21]} 0-1

[Event "Tatry Open 2018"]
[Site "Tatranska Lomnica"]
[Date "2018.10.05"]
[Round "7"]
[White "Kostelny, Jozef"]
[Black "Franzen, Jozef"]
[Result "1-0"]
[WhiteElo "2193"]
[BlackElo "2254"]
[Annotator "TA"]
[PlyCount "63"]
[EventDate "2018.09.30"]
[EventType "swiss"]
[EventCountry "SVK"]
[SourceTitle "playchess.com"]
[Source "ChessBase"]
[SourceQuality "1"]

{[%evp 11,63,32,32,34,23,31,26,0,17,5,50,31,51,36,50,40,64,45,46,62,103,-38,-30,-73,-77,-71,-69,-66,-64,-83,0,-4,97,107,131,39,35,33,35,22,20,17,14,18,145,30,43,0,1210,1200,29991,29992,29992,29993]} 1. d4 Nf6 2. c4 e6 3. a3 c5 4. d5 exd5 5. cxd5 d6 6. Nc3 {E00: Catalan Bogo-Indian (3 g3 Bb4+)} g6 {LiveBook: 3 Games} 7. e4 (7. Qd3 Bg7 8. Qe3+ Kf8 9. Qd3 a6 10. a4 Nbd7 11. Nf3 Ng4 12. Nd2 {0-1 (54) Kudischewitsch,D (2334)-Gajewski,G (2646) Jerusalem 2015}) 7... Bg7 8. Bd3 {White has an edge.} O-O 9. Nge2 Re8 10. O-O Na6 11. Ng3 Nc7 12. h3 Rb8 13. Bg5 $146 ({Predecessor:} 13. Be3 b5 14. Rb1 Nd7 15. f4 a5 16. f5 b4 17. axb4 axb4 18. Na4 Nxd5 19. fxg6 hxg6 {0-1 (30) Ruck Petit,M-Hund,B (2110) Valetta 1980}) 13... h6 14. Be3 b5 15. Qd2 Kh7 16. f4 (16. b4 $16) 16... Nfxd5 $1 $15 17. Bf2 ({Much worse is} 17. exd5 Rxe3 18. Kh2 (18. Qxe3 $2 {is the wrong capture.} Bd4 $19) 18... Bd4 $17) 17... Nxc3 18. bxc3 Bb7 19. Rad1 Qe7 20. h4 c4 (20... Qxh4 $17 {aiming for ...Qe7.} 21. Be2 Qf6 22. Qxd6 Ne6 23. Bxb5 Red8) 21. Bb1 Ne6 ({Don't play} 21... Qxh4 22. Nf5 $14) (21... b4 $11 22. axb4 Nb5) 22. h5 $1 $16 Nc5 {[#]} 23. hxg6+ (23. Bxc5 $1 $16 dxc5 24. e5) 23... fxg6 $14 {[%cal Rc5e4]} 24. Bxc5 dxc5 25. e5 {And now Qc2 would win.} Rbd8 26. Qc2 Qe6 27. Ne4 Rxd1 {[#]} (27... Bxe4 $1 $11 28. Qxe4 a6) 28. Rxd1 (28. Nf6+ $1 $16 {[%mdl 512]} Qxf6 (28... Bxf6 29. Qxg6+) 29. exf6 Rxf1+ 30. Kxf1) 28... Qg4 {Hoping for ...Bxe4.} 29. Rd6 Rf8 $2 {[%mdl 8192] [#]} (29... Kh8 $11 30. Nf6 Bxf6 31. Rxf6 Rd8) 30. Rxg6 $1 $18 {[%mdl 512] Ng5+! would kill now.} Qf5 (30... Qxg6 31. Ng5+) 31. Nf6+ Rxf6 32. exf6 {Precision: White = 56%, Black = 36%.} 1-0

[Event "Tatry Open 2018"]
[Site "Tatranska Lomnica"]
[Date "2018.10.05"]
[Round "7"]
[White "Splichal, Stanislav"]
[Black "Mandak, Miroslav"]
[Result "1-0"]
[WhiteElo "2154"]
[BlackElo "1997"]
[Annotator "TA"]
[PlyCount "123"]
[EventDate "2018.09.30"]
[EventType "swiss"]
[EventCountry "SVK"]
[SourceTitle "playchess.com"]
[Source "ChessBase"]
[SourceQuality "1"]

{[%evp 16,123,63,60,75,75,63,74,66,53,64,68,71,33,36,21,68,58,185,212,197,143,250,233,264,210,241,275,277,235,244,252,246,241,278,188,204,209,194,189,270,272,314,221,298,211,325,315,472,284,415,366,385,356,688,697,708,568,537,401,856,841,830,804,1056,994,1247,984,1447,1382,1282,543,537,488,477,327,422,421,425,416,450,160,451,447,521,521,521,521,521,514,493,391,345,320,469,370,402,396,379,380,465,433,684,670,1850,1850,966,885,29996,29997]} 1. Nf3 d6 2. d4 Nd7 3. c4 e5 4. Nc3 c6 5. e4 Qc7 6. Be2 Ngf6 7. O-O Be7 8. Re1 O-O 9. h3 {LiveBook: 7 Games. A55: Old Indian Defence with Nf3 and e4} (9. Bf1 a6 10. Rb1 b5 11. b4 bxc4 12. Bxc4 Nb6 13. Be2 Bg4 14. h3 Bh5 15. dxe5 dxe5 16. Be3 Bxf3 17. Bxf3 Nc4 {½-½ (44) Santos Latasa,J (2511)-Kunin,V (2576) Porto 2015}) 9... b6 $146 ({Predecessor:} 9... Re8 10. Be3 exd4 11. Nxd4 Bf8 12. Qc2 Nc5 13. Bf3 a5 14. b3 h6 15. Rad1 a4 16. b4 Ncd7 {½-½ (62) Badelka,O (2293)-Kocheev,A (2319) Minsk 2017}) 10. Be3 Bb7 11. a3 {White is slightly better.} Rfe8 12. Bf1 Bf8 13. d5 a5 14. dxc6 Bxc6 15. Nd2 h6 16. Nd5 Nxd5 (16... Qb7 $14) 17. cxd5 $18 Bb7 18. Bb5 $36 {[%mdl 2048] White is in control.} (18. Rc1 $18 Qd8 19. Qg4) 18... Re7 (18... Rec8 $16 19. Bxh6 Nc5) 19. Rc1 Qd8 20. Bxd7 Rxd7 21. Nc4 $1 Ra6 22. Qb3 f5 23. Nxb6 Rf7 {[#] With the idea ...f4.} 24. exf5 $1 Rxf5 25. Na4 Rf7 26. Rc2 Ra8 27. Nb6 Ra6 (27... Rb8 $142 28. Qa4 Ba6 29. Qxa5 Bd3) 28. Rec1 g5 29. Na4 {[%cal Bb6a4,Ba4c3,Bc3b5][%mdl 32]} Qa8 30. Nc3 Kg7 (30... a4 $142 31. Qc4 Ra5) 31. a4 Rc7 (31... Kh8 $142 32. Qc4 Qd8) 32. Rd1 Rc8 (32... Kh8 $142 33. f3 Rc8) 33. Rcd2 Qb8 34. Nb5 Ba8 $2 (34... Be7 35. Rc2 Ra8) 35. Qd3 Bb7 36. b3 Ra8 37. Qf5 Rd8 (37... Ba6 $142 38. h4 Bxb5 39. hxg5 h5 40. axb5 Qxb5 41. Qf6+ Kg8 42. Qg6+ Bg7 43. Qxd6 Qe8) 38. Rc2 Bc8 39. Qe4 Bd7 40. Rc7 Kg8 41. Ba7 Rxa7 42. Rxa7 Bg7 43. Qe3 (43. Qg6 $142 Qb6 {[#]} 44. Rxd7 $1 {[%mdl 512]} Rxd7 45. Qe8+ Bf8 46. Qxd7) 43... Bxb5 44. axb5 Qxb5 45. Qd3 Qc5 46. Rb7 Rf8 47. Qe3 e4 48. Rc1 $2 (48. Qxc5 $18 {has better winning chances. Intending Qc7 and mate.} dxc5 49. Re1) 48... Qa3 $2 (48... Qxd5 $16 49. Re7 Bd4 50. Qxe4 Qxe4 51. Rxe4 Bxf2+ 52. Kh2 Bc5) 49. Rbc7 Qb2 50. Qxe4 Qxf2+ 51. Kh1 Qf5 52. Qxf5 Rxf5 {[%mdl 4096] Endgame KRR-KRB} 53. Rd1 Rf8 54. Rb7 Bc3 (54... Rc8 $142 55. Rb5 Ra8) 55. g3 Be5 56. Kg2 Rc8 57. Rd3 Rc1 58. Kf3 Rc8 (58... h5 $142 59. Ke4 h4 60. gxh4 gxh4) 59. Kg4 Bg7 60. Rf3 Rc5 61. Kh5 {Threatening mate with Kg6.} Rxd5 62. Kg6 {Precision: White = 62%, Black = 24%.} 1-0

[Event "Tatry Open 2018"]
[Site "Tatranska Lomnica"]
[Date "2018.10.05"]
[Round "7"]
[White "Sosovicka, Jakub"]
[Black "Mrva, Martin"]
[Result "0-1"]
[WhiteElo "2140"]
[BlackElo "2430"]
[Annotator "RC"]
[PlyCount "64"]
[EventDate "2018.09.30"]
[EventType "swiss"]
[EventCountry "SVK"]
[SourceTitle "playchess.com"]
[Source "ChessBase"]
[SourceQuality "1"]
[TimeControl "40/5400+30:1800+30"]

1. e4 {[%emt 0:00:00]} d6 {[%emt 0:01:26]} 2. d4 {[%emt 0:00:00]} a6 {[%emt 0:00:18]} 3. f4 {[%emt 0:16:17]} c5 {[%emt 0:01:53]} 4. Nf3 {[%emt 0:04:49]} cxd4 {[%emt 0:06:00]} 5. Nxd4 {[%emt 0:02:40]} e5 {[%emt 0:09:03]} 6. Nf3 {[%emt 0:02:59]} Nf6 {[%emt 0:01:45]} 7. Nc3 {[%emt 0:03:58]} Nbd7 {[%emt 0:05:52]} 8. a4 {[%emt 0:02:06]} Be7 {[%emt 0:10:42]} 9. Bc4 {[%emt 0:01:12]} O-O {[%emt 0:05:35]} 10. O-O {[%emt 0:01:15]} b6 {[%emt 0:01:56]} 11. Nd5 {[%emt 0:17:33]} Bb7 {[%emt 0:00:38]} 12. Nxf6+ {[%emt 0:07:19]} Nxf6 {[%emt 0:02:25]} 13. fxe5 {[%emt 0:02:20]} Nxe4 {[%emt 0:00:37]} 14. Bd5 {[%emt 0:06:10]} Qc7 {[%emt 0:00:08]} 15. Be3 {[%emt 0:07:30]} Rad8 {[%emt 0:05:09]} 16. e6 {[%emt 0:03:23]} fxe6 {[%emt 0:04:58]} 17. Bxe6+ {[%emt 0:00:03]} Kh8 {[%emt 0:00:15]} 18. Qd4 {[%emt 0:10:09]} d5 {[%emt 0:02:49]} 19. Qe5 {[%emt 0:06:11]} Bd6 {[%emt 0:11:51]} 20. Qh5 {[%emt 0:00:43]} Bc5 {[%emt 0:11:09]} 21. Ne5 {[%emt 0:03:04]} Bxe3+ {[%emt 0:11:23]} 22. Kh1 {[%emt 0:00:01]} Rf6 {[%emt 0:01:36]} 23. Nf7+ {[%emt 0:01:08]} Rxf7 {[%emt 0:00:12]} 24. Rxf7 {[%emt 0:00:04]} Qc6 {[%emt 0:01:28]} 25. Raf1 {[%emt 0:00:58]} Qxe6 {[%emt 0:01:45]} 26. Rf8+ {[%emt 0:00:08]} Qg8 {[%emt 0:00:05]} 27. Rxg8+ {[%emt 0:00:13]} Rxg8 {[%emt 0:00:10]} 28. Rf3 {[%emt 0:00:51]} Bc5 {[%emt 0:00:17]} 29. h3 {[%emt 0:00:36]} a5 {[%emt 0:01:08]} 30. Qf7 {[%emt 0:00:33]} Ba8 {[%emt 0:00:37]} 31. Rf4 {[%emt 0:00:34]} Bd6 {[%emt 0:00:40]} 32. Rh4 {[%emt 0:00:16]} Rf8 {[%emt 0:00:12]} 0-1